000
00316 a2200145 4500
001
75659
020
_a
978-85-7827-966-0
040
_c
Anchieta - Colégio São Paulo
240
1
0
_a
Pulga e Espeto
_l
por
245
1
0
_a
Pulga e Espeto
300
_a
128
362
0
_a
2017
650
4
_a
Literatura juvenil
942
_c
BK
999
_c
75659
_d
75659